000 00688nam a2200289Ia 4500
005 20260324135231.0
008 008 260324s9999 xx 000 0 eng d
020 _a9781410600561
037 _aEBOOK
040 _aCRL
040 _beng
040 _cCRL
041 _2eng
041 _aeng
084 _qCRL
100 _aTheresa K. Lant; Zur Shapira
_91199833
245 0 _aOrganizational Cognition
245 0 _bComputation and Interpretation
260 _bTaylor and Francis
260 _c2000
365 _a
365 _b230
856 _uhttp://www.taylorfrancis.com/books/9781410600561
942 _cEBOOK
999 _c1800694
_d1800694